| 000 | 00537nam a2200169Ia 4500 | ||
|---|---|---|---|
| 003 | LDD | ||
| 008 | 190117s9999 xx 000 0 und d | ||
| 020 |
_a8170160103 _c₹200 |
||
| 040 | _cLDD | ||
| 041 | _ahi | ||
| 082 | _a8H3.709 | ||
| 100 | _aतरंग, जयपाल | ||
| 245 | 0 |
_aश्याम सिंह शशि का सृजन-मूल्यांकन _cजयपाल तरंग |
|
| 260 |
_aनई दिल्ली _bकिताब महल _c1988 |
||
| 300 | _aviii, 504प्र. | ||
| 942 |
_2ddc _cH |
||
| 999 |
_c160126 _d160126 |
||